000 01919cam a2200133 4500500
005 20260329023149.0
041 _afre
042 _adc
100 1 0 _aMichel, Aude
_eauthor
245 0 0 _aLes troubles de l'identité sexuée
260 _bArmand Colin,
_c2006.
520 _aMasculin, féminin... Qu'est-ce qui conditionne l'appartenance à un sexe ? L'identité se construit par étapes et offre une variété de scénarios où généralement sexe réel et sexe psychique convergent, mais où bien des aléas sont envisageables, du « simplement » dérangeant pour le regard social aux plus rudes souffrances personnelles. Le traitement voyeur et contre-productif de ces questions par des médias complaisants rend particulièrement utile et salubre ce petit livre. Aude Michel analyse les processus biologiques et psychiques qui permettent l'orientation sexuelle. Elle nous fait partager son expérience hospitalière des troubles profonds de l'identité sexuée. Ambiguïté biologique, transsexualisme, elle nous livre des témoignages sensibles, des retours d'expérience poignants... Invité dans les coulisses d'une aventure médicale, psychologique et humaine visant à réconcilier les êtres avec eux-mêmes, le lecteur, étudiant, soignant, travailleur social ou simple curieux pourra ainsi se défaire de toute vision préformatée de l'appartenance à un sexe. Aude Michel est maître de conférences en psychopathologie et en psychologie clinique (HDR) à l'université Montpellier-III. Introduction aux troubles de l'identité sexuée : aspects terminologiques.La formation de l'identité sexuée. Description des troubles de l'identité sexuée. Quelles thérapeutiques pour les troubles de l'identité sexuée ? Les difficultés des différentes prises en charge.
856 4 1 _uhttps://shs.cairn.info/les-troubles-de-l-identite-sexuee--9782200340407?lang=fr&redirect-ssocas=7080
999 _c1925170
_d1925170